<?xml version="1.0" encoding="UTF-8"?>
<collection xmlns="http://www.loc.gov/MARC21/slim">
  <record>
    <leader>00000nam  2200000   4500</leader>
    <controlfield tag="001">INLIS000000000053591</controlfield>
    <controlfield tag="005">20181022124647</controlfield>
    <datafield tag="035" ind1="#" ind2="#">
      <subfield code="a">0010-1018000206</subfield>
    </datafield>
    <datafield tag="245" ind1="1" ind2="#">
      <subfield code="a">STATISTIK PERBANKAN INDONESIA /</subfield>
      <subfield code="c">Bank Indonesia</subfield>
    </datafield>
    <datafield tag="100" ind1=" " ind2="#">
      <subfield code="a">STATISTIK PERBANKAN INDONESIA</subfield>
    </datafield>
    <datafield tag="250" ind1="#" ind2="#">
      <subfield code="a">Ed.1</subfield>
    </datafield>
    <datafield tag="300" ind1="#" ind2="#">
      <subfield code="a">123 hlm :</subfield>
      <subfield code="b">Ilus ;</subfield>
      <subfield code="c">15x23 cm</subfield>
    </datafield>
    <datafield tag="260" ind1="#" ind2="#">
      <subfield code="a">Jakarta :</subfield>
      <subfield code="b">Bank Indonesia,</subfield>
      <subfield code="c">2005</subfield>
    </datafield>
    <datafield tag="082" ind1="#" ind2="#">
      <subfield code="a">310.598</subfield>
    </datafield>
    <datafield tag="084" ind1="#" ind2="#">
      <subfield code="a">310.598 STA s</subfield>
    </datafield>
    <datafield tag="650" ind1="#" ind2="#">
      <subfield code="a">Statistik-Indonesia</subfield>
    </datafield>
  </record>
</collection>
